000 00360nam a2200133 a 4500
001 000032114
005 20200930063437.0
008 110712s2004 dr ag 000 0 spa d
040 _aDO-SdBNP
_bspa
_cBNPHU
245 0 0 _aCanciones santas /.
260 _a[Santo Domingo] :
_bil. mús.,
_c[19].
300 _a1v. Con varias paginaciones ;
_c23 cm.
049 _aBNPD
999 _c31605
_d31605